| 000 | 00673nam a22001937a 4500 | ||
|---|---|---|---|
| 005 | 20250619152154.0 | ||
| 010 | _aDEC24SC ENG-142973 ENG-145503 | ||
| 020 |
_a9789358703122 _c799.00 |
||
| 035 | _aEN-126505 | ||
| 035 | _aEN-129035 | ||
| 037 | _bDBAD | ||
| 082 |
_a530 _21 |
||
| 245 |
_aJEE Main Physics Chapter-wise Solved Papers as per the New NTA Syllabus 2024/ _cBy S.chand |
||
| 250 | _a1 | ||
| 260 |
_aNew Delhi _bS Chand and Company Limited _c2024 |
||
| 270 |
_a A-27, 2nd Floor, Mohan Co-operative Industrial Estate _bNew Delhi _e110044 _minfo@schandpublishing.com _k011-49731800 |
||
| 300 |
_a801p. _c26cm(pb) |
||
| 942 |
_2ddc _cEN _h530 _mJEE _e1 |
||
| 999 |
_c207608 _d207608 |
||